Consideraciones previas para un estudio de la juventud popular urbana en América Latina /

সংরক্ষণ করুন:
গ্রন্থ-পঞ্জীর বিবরন
প্রধান লেখক: Martínez, Javier
সংস্থা লেখক: CEPAL
অন্যান্য লেখক: Valenzuela, Eduardo
বিন্যাস: পাঠ‍্য
প্রকাশিত: Santiago: CEPAL
ট্যাগগুলো: ট্যাগ যুক্ত করুন
কোনো ট্যাগ নেই, প্রথমজন হিসাবে ট্যাগ করুন!

MARC

LEADER 00000 a a2200000 04500
001 24113
003
040
090 |a 171300  
100 |a Martínez, Javier  
110 |a CEPAL  
245 |a Consideraciones previas para un estudio de la juventud popular urbana en América Latina /  |c Javier Martínez 
260 |a Santiago:   |b CEPAL  
300 |a 57 p.  
700 |a Valenzuela, Eduardo  
999 |c 12199  |d 12199